| 000 | 01084nam1a2200301 i 4500 | ||
|---|---|---|---|
| 001 | RU\NLR\bibl\1836905 | ||
| 005 | 20260405140906.0 | ||
| 035 | _a(NLR Aleph) 001827387 | ||
| 090 |
_a2090218 _c2090217 |
||
| 100 | _a20111121g20119999u y0rusy50 ca | ||
| 101 | 0 | _arus | |
| 102 | _aRU | ||
| 105 | _ac ||||||||| | ||
| 200 | 1 |
_aВремя любви _e[дилогия] _eстихотворения, [написанные в 2006-2010 годах] _fОльга Сидорова |
|
| 210 |
_aРязань _cРусское слово _d2011 |
||
| 215 | _d20 | ||
| 300 | _aПервая книга вышла под загл.: Время Нелюбви | ||
| 463 | 0 | _10011757085 | |
| 488 | 0 |
_12001#$aВремя Нелюбви _tВремя Нелюбви |
|
| 686 | _aШ6(2=Р)8-5 | ||
| 700 | 1 |
_4070 _7ca _8rus _aСидорова _bО. В. _cпоэт _gОльга Васильевна _939985 _3RU\NLR\auth\7757053 |
|
| 801 | 0 |
_aRU _bNLR _c20111121 _gRCR |
|
| 801 | 1 |
_aRU _bNLR _c20111121 |
|
| 852 |
_aNLR _j2011-4/3094 |
||
| 942 | _cBOOK | ||
| 980 | _aNBR | ||